Normal view
MARC view
Entry Personal Name
001 - CONTROL NUMBER
- control field: 42686
003 - CONTROL NUMBER IDENTIFIER
- control field: OSt
005 - DATE AND TIME OF LATEST TRANSACTION
- control field: 20230524205128.0
008 - FIXED-LENGTH DATA ELEMENTS
- fixed length control field: 230524|| aca||aabn | a|a d
040 ## - CATALOGING SOURCE
- Original cataloging agency: OSt
- Transcribing agency: OSt
100 ## - HEADING--PERSONAL NAME
- Personal name: " S.N. Deepa, S. Sumathi "
670 ## - SOURCE DATA FOUND
- Source citation: Work cat.: (OSt)57677: S.N. Sivanandam, Introduction to Neural Networks using MATLAB 6.0, 2014
